000 00847nam a2200265 i 4500
001 66679
003 ES-MaACL
005 20230906165756.0
007 t|
008 921223s1990 sp ||||0| spa d
016 7 _zCEN920180698
020 _a84-450-7291-9
040 _aM-BN
_bspa
_cCEN
080 _a820-34"19"
100 1 _aTolkien, J. R. R.
_9110463
245 1 0 _aCuentos inconclusos de Númenor y la Tierra Media /
_cJ. R. R. Tolkien ; introducción, comentario, índice y mapas de Christopher Tolkien ; [traducción de Rubén Masera].
250 _a1ª ed. en rúst.
260 _aBarcelona :
_bMinotauro,
_c1997.
300 _a578 p. :
_bmap. ;
_c24 cm.
500 _aIndice.
700 1 _aTolkien, Christopher.
_9110462
700 1 _aMasera, Rubén.
_978704
852 _aES-MaACL
_jL-27146
_bR.132775
999 _c66679
_d66679